000 01224nam2a22002651 4500
001 v19\rc\2113777
005 20250620102902.0
035 _a(NLR Aleph) 005279983
090 _a6088144
_c6088144
100 _a20090914d1915 |||y0rusy50 ca
101 0 _arus
102 _aRU
105 _ay z |||||
200 0 _a... за 1914 год, ч. 1
210 _d1915
_aБ. м.
215 _a1070 с. разд. паг.
316 _aЭкз. РНБ ч. 1-2 на шифре 37.12.5.1 в одном переплете
_5NLR: 37.12.5.1
461 0 _1001v19\rc\2113658
_12001#$aОбзор внешней торговли России по европейской и азиатской границам...$v... за 1914 год, ч. 1
_96086905
_cВ Санктпетербурге
_d[1803]-1917
_nпри Государственной Коммерц-коллегии
_tОбзор внешней торговли России по европейской и азиатской границам...
_v... за 1914 год, ч. 1
801 0 _aRU
_bNLR
_c20090914
_gpsbo
801 1 _aRU
_bProSoft-M
_c20090914
_2rusmarc
801 2 _aRU
_bNLR
_c20100618
_2rusmarc
852 _aNLR
_j37.12.5.1(1914-1)
942 _cBOOK
980 _aNB